Statistics for 99 Final Fantasy Trivia Questions

Click here to take the quiz!

General Stats

  • This quiz has been taken 812 times
    (681 since last reset)
  • The average score is 54 of 99

Answer Stats

HintAnswer% Correct
Country of originJapan
98%
Year first game was published1987
93%
Number of released games of the main series...14
92%
IIBirdlike animal used for transport also introducedChocobo
89%
...including direct playable sequels (not counting remakes)20
85%
CurrencyGil
85%
Originally developed by this companySquaresoft
85%
IDedicated healing classWhite Mage
85%
IXSteiner's classKnight
84%
XPopular sportBlitzball
82%
GenreJRPG
82%
IIRecurring character introduced in this gameCid
81%
White creature that says "Kupo!"Moogle
81%
Playstation
81%
VIIEvil organisation that runs the city of MidgarShinra
80%
Now developed by this companySquare Enix
80%
Item used to revive fallen comradesPhoenix Down
79%
Playstation 2
78%
IXZindane's unusual body partTail
78%
Air travel vehicleAirship
77%
VIIISquall's weaponGunblade
77%
Playstation 3
77%
XYuna's job titleSummoner
77%
Fire based spell #3Firaga
76%
XCharacter infamous for his laughTidus
76%
FFX-2 was noted for having a main cast who were all _____Women
74%
Speeds up the heroesHaste
71%
IIIDragoon special abilityJump
71%
SNES
70%
Air based spell #1Aero
69%
Consoles on which the main games were originally launchedNES
69%
Potential Insta-killDeath
68%
Ice based spell #2Blizzara
67%
A HD remake for FF7 was announced at what famous gaming convention?E3
66%
Wields a butcher knife and a lanternTonberry
66%
XIIIVery racial specific hairdo worn by SazhAfro
65%
VMythical animal featured on logoDragon
64%
Musical instrument associated with the Bard classHarp
64%
Summons an astronomical objectMeteor
64%
PC
63%
XIUnlike previous titles, this game required this technology to be playableThe Internet
63%
Green plant with bad breath not related to the tobacco companyMalboro
62%
Bane of fairytale princes, cured by kissesToad
62%
ICollective name of the protagonistsHeroes of Light
61%
XIVThis game was remade and retitled as "A ____ Reborn"Realm
60%
VIThe _____ Scene, contains singingOpera
59%
IKing of the DragonsBahamut
58%
Composer associated with the seriesNobuo Uematsu
58%
Evil puddingFlan
57%
VITechnology powered by magicMagitek
57%
IIMetal used to create powerful weapons, or a grade of armour/weaponsMythril
57%
VIIICommand to obtain spells from enemies in battleDraw
55%
Removes ailments/debuffsEsuna
55%
VII♫ Estuans interius, Ira vehementi, _________ ♫Sephiroth
55%
Legendary swordExcalibur
54%
Multi-armed swordbearerGilgamesh
54%
Xbox 360
53%
VIIIName of card gameTriple Triad
52%
VIHumans + Magic =Espers
51%
This series of games are considered to be the main rivals to Final Fantasy in its country of originDragon Quest
49%
Green eyed ethnic minority of SpiraAl Bhed
47%
XIUnlike DPS or Healers, this role usually has the highest HPTank
47%
Turtle-like enemyAdamantoise
45%
VIICloud's first limit breakerBraver
44%
Green and spiky, with arms and legs in a politically suspect orientationCactuar
44%
IV"You ____ Bard!"Spoony
43%
Better than a tentCottage
42%
Fantasy staple, usually weak with pointy earsGoblin
42%
Most powerful "cure" spellCuraja
41%
Jack-of-all-trades classRed Mage
41%
VObjects housed in shrinesCrystals
40%
XIIThe international version came with the _____ job systemZodiac
39%
What was the name of the theme song from FFVIII? (The one with singing in English)Eyes on Me
38%
IX"Of 100 ____ watching, 99 were impressed"Nobles
38%
XII"I'm Captain Basch fon Rosenberg of _____"Dalmasca
36%
Series creatorHironobu Sakaguchi
36%
IIIStarting class (in Famicom version)Onion Knight
35%
XIIIThis game takes place in the worlds of Cocoon and ______Pulse
35%
Looks like a lion with hornsBehemoth
34%
The commonly featured composer for the series created a band which remade music from the series; what was the name of the band?The Black Mages
34%
XIIIReal world accent used by natives of ^Australian
32%
VPrincess of TycoonLenna
31%
Steve Buscemi lended his voice for which Final Fantasy project?The Spirits Within
31%
IVHometown of main characterBaron
29%
IVName of spaceshipLunar Whale
27%
The names of the characters of Final Fantasy Type-0 are based on what?A Deck of Cards
26%
This artist is know for his illustrations of Final Fantasy related subjectsYoshitaka Amano
25%
Powerful gloveGenji Glove
23%
XIIHeavily armoured "Judges" serve this empireArchadian
22%
A trailer for the latest unreleased installment in the main series featured a quote from this playHamlet
22%
What is the world of FF14 called?Eorzea
18%
XIVThe world of this game goes through two era's, Astral and _____Umbral
15%
Name of Snow Villiers' voice actor?Troy Baker
14%
XIVCard based job introduced in HeavenswardAstrologian
11%
XIShortest raceTarutaru
11%
Waterproofs charactersBarwater
10%
The two central characters of FFX are named after the sun and moon in what language?Okinawan
10%
The birdlike creatures that have become a common element to the series were inspired by the movies of this directorHayao Miyazaki
8%
IIIRace of soothsayers and fortune tellers, also blindGulgans
4%

Score Distribution

Percentile by Number Answered

Percent of People with Each Score

Your Score History

You have not taken this quiz since the last reset